| 000 | 00634nam a22001937a 4500 | ||
|---|---|---|---|
| 005 | 20251108164155.0 | ||
| 008 | 250721s1982 xx 000 0 ara d | ||
| 082 | 1 | 4 | _a338.1956/قاس |
| 100 | 1 | _aالقاسم، صبحي | |
| 245 | 1 | 0 | _aملخص كتاب نظرة تحليلية في مشكلة الغذاء في البلدان العربية / |
| 264 | 1 |
_aعمان : _bمؤسسة عبدالحميد شومان، _c1982. |
|
| 300 | _a103ص | ||
| 650 | 1 | 7 | _aالزراعة |
| 650 | 1 | 7 | _aالإقتصاد الزراعي |
| 650 | 1 | 7 | _aالأغذية |
| 650 | 1 | 7 | _aالبلدان العربية |
| 942 |
_2ddc _cBK |
||
| 999 |
_c5490 _d5490 |
||